Normal view
MARC view
- Air pollutants
Entry Topical Term
001 - CONTROL NUMBER
- control field: 4368
003 - CONTROL NUMBER IDENTIFIER
- control field: OSt
005 - DATE AND TIME OF LATEST TRANSACTION
- control field: 20170515114157.0
008 - FIXED-LENGTH DATA ELEMENTS
- fixed length control field: 170515|| aca||aabn | a|a d
040 ## - CATALOGING SOURCE
- Original cataloging agency: OSt
- Transcribing agency: OSt
150 ## - HEADING--TOPICAL TERM
- Topical term or geographic name entry element: Air pollutants
- General subdivision: Analysis
670 ## - SOURCE DATA FOUND
- Source citation: Work cat.: (OSt): Graves, Philip E. 4364, Health and air quality :, c1981

PORTAL AKMAL
E-MEL JKDM
AKMAL2U
G-BAM
u-PUSTAKA